Even then will trust: (Record no. 4465)
[ view plain ]
| 000 -LEADER | |
|---|---|
| fixed length control field | 00604nam a22001697a 4500 |
| 003 - CONTROL NUMBER IDENTIFIER | |
| control field | OSt |
| 005 - DATE AND TIME OF LATEST TRANSACTION | |
| control field | 20250905090541.0 |
| 008 - FIXED-LENGTH DATA ELEMENTS--GENERAL INFORMATION | |
| fixed length control field | 250905b |||||||| |||| 00| 0 eng d |
| 040 ## - CATALOGING SOURCE | |
| Original cataloging agency | DWC-Main Lib |
| Transcribing agency | OC |
| 082 ## - DEWEY DECIMAL CLASSIFICATION NUMBER | |
| Classification number | Fil. 271.971 Z997e 2005 |
| 100 ## - MAIN ENTRY--PERSONAL NAME | |
| Personal name | Szentmartoni, Mihaly S.J |
| 245 ## - TITLE STATEMENT | |
| Title | Even then will trust: |
| Remainder of title | blessed Mary Teresa of St. Joseph/ |
| Statement of responsibility, etc. | Mihaly Szentmartoni S.J |
| 260 ## - PUBLICATION, DISTRIBUTION, ETC. | |
| Place of publication, distribution, etc. | United States : |
| Name of publisher, distributor, etc. | Carmelita Sisters of the Divine Heart of Jesus, |
| Date of publication, distribution, etc. | c2005. |
| 300 ## - PHYSICAL DESCRIPTION | |
| Extent | 211 pages : |
| Other physical details | illustrations ; |
| Dimensions | 23cm. |
| 650 ## - SUBJECT ADDED ENTRY--TOPICAL TERM | |
| Topical term or geographic name entry element | 1. Mary Teresa of St. Joseph, Mother. |
| 942 ## - ADDED ENTRY ELEMENTS (KOHA) | |
| Source of classification or shelving scheme | Dewey Decimal Classification |
| Koha item type | Book-Filipiniana |
| Call number prefix | Fil. |
| Suppress in OPAC | No |
| 952 ## - LOCATION AND ITEM INFORMATION (KOHA) | |
| -- | |
| Withdrawn status | Lost status | Source of classification or shelving scheme | Damaged status | Not for loan | Home library | Current library | Shelving location | Date acquired | Source of acquisition | Total Checkouts | Full call number | Barcode | Date last seen | Copy number | Price effective from | Koha item type | Uniform Resource Identifier |
|---|---|---|---|---|---|---|---|---|---|---|---|---|---|---|---|---|---|
| Dewey Decimal Classification | College Library | College Library | Filipiniana | 06/08/2023 | Donation | Fil. 271.971 Z997e 2005 | CL53781 | 09/05/2025 | c1 | 09/05/2025 | BK - FIL |